000 07451cam a2200649 i 4500
001 ocn913820503
003 TZ-ArACH
005 20240611095132.0
008 150224s2015 enk b 001 0 eng
010 _a 2015934530
015 _aGBB4B5832
_2bnb
016 7 _a016897623
_2Uk
020 _a9780198705161
_q(hardback)
020 _a0198705166
_q(hardback)
020 _z9780191015281
_q(ebook)
020 _z0191015288
_q(ebook)
035 _a(OCoLC)913820503
040 _aDLC
_beng
_erda
_cTZ-ArACH
042 _apcc
049 _aTZAA
050 0 0 _aKZ7312
_b.L39 2015
245 0 4 _aLaw and practice of the International Criminal Court /
_cedited by Carsten Stahn.
250 _aFirst edition.
260 _aOxford UK;
_bOxford University Press;
_c2015.
300 _a1326 pages ;
_c25 cm
500 _a"Table of cases": pages xxv-lii.
500 _a"Table of legislation": pages liii-lxiii.
504 _aIncludes bibliographical references and indexes.
505 0 _aIntroduction: more than a court, less than a court, several courts in one? / Carsten Stahn -- The International Criminal Court (ICC) and double standards of international justice / Richard Dicker -- The ICC and the politics of peace and justice / Leslie Vinjamuri -- The relationship between the ICC and the United Nations Security Council / Deborah Ruiz Verduzco -- The ICC and the AU / Anton Du Plessis & Ottilia Anna Maunganidze -- How much money does the ICC need? / Stuart Ford -- The ICC and the ASP / Jonathan O'Donohue -- Jurisdiction / Rod Rastan -- Ad hoc declarations of acceptance of jurisdiction: the Palestinian situation under scrutiny / Mohamed M El Zeidy -- Self-referrals as an indication of the inability of states to cope with non-state actors / Harmen van der Wilt -- Admissibility challenges before the ICC: from quasi-primacy to qualified deference? / Carsten Stahn -- The ICC and its relationship to non-states parties / Robert Cryer -- The frog that wanted to be an ox: the ICCs approach to immunities / Dov Jacobs -- Putting complementarity in its place / Paul Seils -- Investigative management, strategies, and techniques of the ICCs OTP / Susana S�aCouto and Katherine Cleary Thompson -- The selection of situations and cases by the OTP of the ICC / Fabricio Guariglia and Emeric Rogier -- Selecting situations and cases / William Schabas -- Accountability of international prosecutors / Jenia Iontcheva Turner -- Article 21 and the hierarchy of sources of law before the ICC / Gilbert Bitti -- The Rome Statute and the attempted corseting of the interpretative judicial function: reflections on sources of law and interpretative technique / Joseph Powderly -- Perpetration and participation in Article 25(3) / Elies van Sliedregt -- Co-perpetration: German dogmatik or German invasion? / Jens David Ohlin -- Indirect perpetration / Thomas Weigend -- Forms of accessorial liability under Article 25(3)(b) and (c) / Hector Olasolo -- The ICC and common purpose: what contribution is required under Article 25(3)(d)? / Kai Ambos -- Command responsibility under Article 28 of the Rome Statute / Alejandro Kiss -- Rethinking the mental elements in the jurisprudence of the ICC / Mohamed Elewa Badar and Sara Porro -- The ICCs first encounter with the crime of genocide: the case against Al Bashir / Claus Kress -- Crimes against humanity: a better policy on policy / Darryl Robinson -- Charging war crimes: policy and prognosis from a military perspective / Michael A. Newton -- The characterization of armed conflict in the jurisprudence of the ICC / Anthony Cullen -- The crime of aggression / Roger S. Clark -- La Lutte continue: investigating and prosecuting sexual violence at the ICC / Niamh Hayes -- Cumulative charges and cumulative convictions / Carl-Friedrich Stuckenberg -- The international criminal standard of proof at the ICC -- Beyond Reasonable Doubt or Beyond Reason? / Simon De Smet -- Confirmation of charges / Ignaz Stegmiller -- Trial procedures : with a particular focus on the relationship between the proceedings of the pre-trial and trial chambers / H�akan Friman -- Proportionate sentencing at the ICC / Margaret M. deGuzman -- The role of the appeals chamber / Volker Nerlich -- A stick to hit the accused with: the legal recharacterization of facts under Regulation 55 / Kevin Jon Heller -- Disclosure challenges at the ICC / Alex Whiting -- Sitting on evidence: systematic failings in the ICC disclosure regime -- Time for reform / Karim A A Khan QC and Caroline Buisman -- The roads to freedom -- interim release in the practice of the ICC / Aiste Dumbryte -- Testifying behind bars -- detained ICC witnesses and human rights protection / Joris van Wijk and Marjolein Cupido -- External support and internal coordination -- the ICC and the protection of witnesses / Markus Eikel -- Victim participation revisited : -- what the ICC is learning about itself / Sergey Vasiliev -- The Rome Statutes regime of victim redress: challenges and prospects / Conor McCarthy -- The deterrent effect of the ICC on the Commission of International Crimes by government leaders / Nick Grono and Anna de Courcy Wheeler -- The ICC and capacity building at the national level / Olympia Bekou -- Completion, legacy, and complementarity at the ICC / Elizabeth Evenson and Alison Smith -- A look towards the future : the ICC and lessons learnt / Philipp Ambach.
520 8 _aThe International Criminal Court has significantly grown in importance and impact over the decade of its existence. This book assesses its impact, providing a comprehensive overview of its practice. It shows how the court has contributed to major developments in international criminal law, and identifies the ways in which it is in need of reform.
610 2 0 _aInternational Criminal Court.
610 2 7 _aInternational Criminal Court.
_2fast
610 2 7 _aInternationaler Strafgerichtshof
_2gnd
610 2 7 _aInternational Criminal Court.
_2nli
610 2 7 _aInternational Criminal Court
_vRules and practice.
_2nli
650 0 _aInternational criminal law.
650 0 _aCriminal procedure (International law)
650 6 _aDroit international penal.
650 6 _aProcedure penale (Droit international)
650 7 _aInternational criminal law.
_2bcl
650 7 _aLaw.
_2eflch
650 7 _aCriminal procedure (International law)
_2fast
650 7 _aInternational criminal law.
_2fast
650 7 _aInternational criminal courts.
_2nli
650 7 _aInternational criminal courts
_xRules and practice.
_2nli
650 7 _aInternational criminal law.
_2nli
650 7 _aCriminal procedure (International law)
_2nli
650 7 _aInternational crimes.
_2nli
650 7 _aInternational Criminal Court.
_2pplt
650 7 _aRome Statute (Rome, 17 July 1998).
_2pplt
650 7 _aInternational criminal law.
_2pplt
650 7 _aInternational criminal procedure.
_2pplt
650 7 _aLaw.
_2ukslc
700 1 _aStahn, Carsten,
_d1971-
_eeditor.
856 4 1 _uhttps://shibboleth2sp.gar.semcs.net/Shibboleth.sso/Login?entityID=https://passport01.leeds.ac.uk/idp/shibboleth&target=https://shibboleth2sp.gar.semcs.net/shib?dest=http%253A%252F%252Fwww.vlebooks.com%252FSHIBBOLETH%253Fdest%253Dhttp%25253A%25252F%25252Fwww.vlebooks.com%25252Fvleweb%25252Fproduct%25252Fopenreader%25253Fid%25253DLeedsUni%252526isbn%25253D9780191015281
_zView this book online, via VLeBooks, both on- and off-campus
942 _2lcc
_cBOOK
999 _c6986
_d6986